An introduction to the mathematics and methods of astrodynamics (Record no. 121113)
[ view plain ]
| 000 -LEADER | |
|---|---|
| fixed length control field | 01447nam a2200361 a 4500 |
| 082 04 - DEWEY DECIMAL CLASSIFICATION NUMBER | |
| Classification number | 629.4/11 |
| 100 1# - MAIN ENTRY--AUTHOR NAME | |
| Personal name | Battin, Richard H. |
| 245 13 - TITLE STATEMENT | |
| Title | An introduction to the mathematics and methods of astrodynamics |
| 250 ## - EDITION STATEMENT | |
| Edition statement | Rev. ed. |
| 260 ## - PUBLICATION, DISTRIBUTION, ETC. (IMPRINT) | |
| Place of publication | Reston, Va. : |
| Name of publisher | American Institute of Aeronautics and Astronautics, Inc., |
| Year of publication | c1999. |
| 300 ## - PHYSICAL DESCRIPTION | |
| Number of Pages | xxxii, 796 p. : |
| Other physical details | ill. |
| 490 1# - SERIES STATEMENT | |
| Series statement | AIAA education series |
| 505 0# - FORMATTED CONTENTS NOTE | |
| Formatted contents note | pt. 1. Hypergeometric functions and elliptic integrals -- pt. 2. Non-Keplerian motion. |
| 650 #0 - SUBJECT ADDED ENTRY--TOPICAL TERM | |
| Topical Term | Astrodynamics |
| 856 40 - ELECTRONIC LOCATION AND ACCESS | |
| Uniform Resource Identifier | http://site.ebrary.com/lib/rucke/Doc?id=10516511 |
No items available.
